Savings and house prices go hand in hand, but Hackney bucks the trend (Record no. 83306)
[ view plain ]
| 000 -LEADER | |
|---|---|
| fixed length control field | 01011cad a22002055a 4500 |
| 001 - CONTROL NUMBER | |
| control field | E153506 |
| 008 - FIXED-LENGTH DATA ELEMENTS--GENERAL INFORMATION | |
| fixed length control field | 110802e20110727xxk 000 0 eng d |
| 035 ## - SYSTEM CONTROL NUMBER | |
| System control number | (Sirsi) u153506 |
| 041 0# - LANGUAGE CODE | |
| Language code of text/sound track or separate title | eng |
| 110 2# - MAIN ENTRY--CORPORATE NAME | |
| Corporate name or jurisdiction name as entry element | Lloyds Banking Group |
| 9 (RLIN) | 5822 |
| 245 00 - TITLE STATEMENT | |
| Title | Savings and house prices go hand in hand, but Hackney bucks the trend |
| Medium | [electronic resource] |
| 260 ## - PUBLICATION, DISTRIBUTION, ETC. | |
| Date of publication, distribution, etc. | 2011 |
| 490 ## - SERIES STATEMENT | |
| Series statement | Halifax Press Release |
| Volume/sequential designation | 27 July 2011 |
| 520 ## - SUMMARY, ETC. | |
| Summary, etc. | Suggests that despite average house prices in Hackney, Newham, Lewisham and Southwark being well above the national average, average savings balances in those boroughs are amongst the lowest in the UK (under £4 000). Areas with high house prices tend to also have high savings balances. |
| 590 ## - LOCAL NOTE (RLIN) | |
| Local note | KA |
| 651 #4 - SUBJECT ADDED ENTRY--GEOGRAPHIC NAME | |
| Geographic name | London |
| 690 ## - LOCAL SUBJECT ADDED ENTRY--TOPICAL TERM (OCLC, RLIN) | |
| Topical term or geographic name as entry element | PROPERTY-RESIDENTIAL PROPERTY-RESIDENTIAL PROPERTY MARKET |
| 856 40 - ELECTRONIC LOCATION AND ACCESS | |
| Uniform Resource Identifier | <a href="https://www.lloydsbankinggroup.com/media/pdfs/halifax/2011/270711Savingsandhouseprices.pdf">https://www.lloydsbankinggroup.com/media/pdfs/halifax/2011/270711Savingsandhouseprices.pdf</a> |
| Public note | View this item free of charge at www.lloydsbankinggroup.com |
| 942 ## - ADDED ENTRY ELEMENTS (KOHA) | |
| Suppress in OPAC | 0 |
| Withdrawn status | Lost status | Source of classification or shelving scheme | Damaged status | Not for loan | Home library | Current library | Shelving location | Date acquired | Total Checkouts | Full call number | Barcode | Date last seen | Copy number | Price effective from | Koha item type |
|---|---|---|---|---|---|---|---|---|---|---|---|---|---|---|---|
| Dewey Decimal Classification | Virtual | Virtual | Online | 02/08/2011 | ONLINE PUBLICATION | 153506-1001 | 06/08/2019 | 1 | 06/08/2019 | Journal article |